000
00270nam a2200109Ia 4500
008
200302s9999 xx 000 0 und d
100
_a
Riberto Ventura
245
_a
Casarredo & Design 2
260
_b
Modello Numa Design Vitorio Prato
260
_c
2001
300
_a
138 P.,
999
_c
1671
_d
1671